04392nam a2200325 a 4500001001000000003000400010005001700014008004100031040002500072049000600097082001300103100003600116245016700152260003600319300002800355500006300383505300600446590002603452650005303478650006203531651004603593651004903639700004103688700004703729942001303776952011903789952013003908956001104038999001704049000027644OSt20220531083956.0110404s1984 dr a 000 0 spa d aDO-SdBNPbspacBNPHU a  a bR621c1 aRivera Cedeño, Ernesto94539314aLas calles de Higuey :bHiguey visto a traves de sus calles /cErnesto Rivera Cedeño ; edición Rafael García Romero ; prólogo Ramón de la Rosa y Carpio. aSanto Domingo :bMamey, c1984. a145 p. :bil. ;c21 cm. aIncluye datos biográficos del autor en la página 145. aHigüey -- La Virgen de la Altagracia -- El santuario -- El culto de la Altagracia -- Celebración del 21 de enero -- La hermandad de los Toreros de la Virgen -- Celebración del 15 de agosto -- El pozo de la Virgen -- La cruz del perdón -- Las tres cruces -- La cruz de ceja esperanza -- Diócesis de nuestra Señora de la Altagracia -- Obispos de la diócesis -- Monseñor Juan F. Pepen Soliman -- Monseñor Hugo E. Polanco Brito -- Monseñor Ramón B. de la Rosa y Carpio -- La provincia -- Las calles -- Antonio de Aza -- Baldemaro Rijo -- Avenida Vetilio Alfáu Durán -- Hermanos Trejo -- Avenida Juan XXIII -- Abelardo Pérez -- Adamanai -- Agustín Guerrero -- Alcibíades Vallejo -- Antonio Valdez Hijo -- Monseñor Nouel -- Beler -- Bienvenido Creales -- Cambronal -- Cayacoa -- Cesé Catrina -- Cleto Villavicencio -- Colén Soto -- Colón -- Comandante Marmolejos -- Constitución -- Cotubanama -- Daniel Herrera -- Juan de Esquivel -- Dionisio Arturo Troncoso -- Doctor Celio Estruch -- Canónigo Montás -- Juan Pablo Duarte -- Duvergé -- Eduardo Morel -- Enrique Rijo -- Estéfana Brea -- Eusebio Cedano -- General Eustaquio Ducoudray -- Florencio Soler -- Lic. Humberto Ducoudray -- Francisco Richiez Ducoudray -- Francisco Rijo -- Gaspar Hernández -- Gastón F. Deligne -- General Gregorio Luperón -- General Manuel María Suero -- General Santana -- Hermanos Goico Martínez -- Hicayagua -- Higuanamá -- Huáscar Tejeda Pimentel -- Joaquín Vicioso -- José Audilio Santana -- José Ramón Payán -- Manuel Monteagudo -- Mella -- Mercedes Alfáu Pilier y Celina Pilier -- Gabriel B. Moreno del Christo -- Padre Billini -- Pedro Livio Cedeño -- Policarpia Frías -- Ramón Pumarol -- Remigio Castillo -- Sánchez -- San Santiago -- Santome -- Teodulo Guerrero Montás -- Teófilo Guerrero del Rosario -- Teófilo Altagracia Reyes -- Trifol Siminier -- Ursula Morel -- Víctor de Castro -- Victoriano Pepén -- Calle 27 de Febrero -- Profesora Emma Dora Botello -- Laguna Llana -- Juan Ponce de León -- Julita Peignand -- La Altagracia -- La limonade -- La reinosa -- Las Carreras -- La Trinitaria -- Lic. Félix Servio Ducoudray -- Lic. Lorenzo Sánchez Rijo -- Julio Rolffot -- Manuel Emilio Gómez -- Santiago Pierre Jacques -- Ramón Marrero Aristy -- Canónigo Don Tomás Nuñez -- Francisco Alberto Caamaño Deñó -- Dionisio Mejía -- Dra. Evangelina Rodríguez Perozo -- Ana Tarcila Valdez -- Prof. Mortimer Dalmasi -- Prof. Tulio E. Valdez -- José Timoteo Maduro -- Prof. Srta. Orfelina Alt. Pilier -- Presidente Antonio Guzmán Fernández -- Prof. Srta. América de Soto -- Dr. Tomás Arévalo Cedeño V. -- San Vicente de Paúl -- Mons. Eliseo Pérez Sánchez -- Pbro. Bernardo Montás M. -- 16 de Agosto -- José Loreto Julián -- Don Angel Meriño -- Rafael Comay 2 -- Apéndice. aInventariado, 2020/VM 7aCiudades y pueblos zRepública Dominicana9784 7aHistoria localz Higuey (República Dominicana) 977000 0a Higuey (República Dominicana) 976999 7a Higuey (República Dominicana) x 9268221 aGarcía Romero, Rafael,eed.9171411 aRosa y Carpio, Ramón de la ,prl.954734 2ddccLF1 00102ddc718PDaBNPHUbPDcHDd2011-04-04i l0oBNPHU PD 972.9385 R621cp27644-10r2020-06-25w2020-06-25yLFPD 00102ddc718PDaBNPHUbPDcHDd2019-08-06eReyes Dulucl0oBNPHU PD 972.9385 R621cp27644-20r2020-06-25w2020-06-25yLFPD aVMateo c27136d27136